| 000 | 00323nam a22001217a 4500 | ||
|---|---|---|---|
| 020 | _a9788126528820 | ||
| 082 |
_222 _a621.37 |
||
| 100 | _aBarua, Alok. | ||
| 245 | _aFundamentals of industrial instrumentation / | ||
| 260 |
_aNew Delhi, _bWiley and Sons, _cc2011. |
||
| 300 |
_axvii, 326p. ; _bill. ; _c23 cm. |
||
| 942 |
_2ddc _cAP _03 |
||
| 999 |
_c168 _d168 |
||